000
00340 a2200157 4500
001
18094
020
_a
9788572383707
040
_c
Anchieta - Bela Vista
100
_a
GuimarĂ£es, Elvia
240
1
0
_a
Muito prazer
_l
por
245
1
0
_a
Muito prazer
300
_a
16
362
0
_a
2008
650
4
_a
Literatura infanto-juvenil
942
_c
BK
999
_c
18094
_d
18094